Movie by picture - Statistics

General Stats
  • This quiz has been taken 42 times
  • The average score is 5 of 16
Answer Stats
Picture Answer % Correct
Lala Land
81%
Interstellar
65%
Django
46%
Seven
41%
The Grand Budapest Hotel
41%
12 years a slave
38%
the social Network
35%
Inglourious Basterds
32%
Whiplash
30%
Taxi Driver
22%
Pulp Fiction
16%
Zodiac
14%
Kill Bill Vol2
8%
Once upon a time in Hollywood
8%
Sutter Island
0%
There will be blood
0%
No matching quizzes found
Score Distribution
Percent of People with Each Score
Percentile by Number Answered
Your Score History
You have not taken this quiz